Najwyżej oceniani polscy piłkarze w FC26 - Statystyki

Ogólne statystyki
  • Ten quiz został rozwiązany 84 razy
  • Średni wynik to 11 z 15
Statystyki odpowiedzi
# Piłkarz % Poprawnych
87 Robert Lewandowski
100%
80 Piotr Zieliński
97%
80 Jakub Kiwior
92%
78 Jan Bednarek
92%
83 Wojciech Szczęsny
92%
78 Arkadiusz Milik
79%
81 Matty Cash
78%
76 Nicola Zalewski
78%
77 Sebastian Szymański
69%
79 Łukasz Skorupski
68%
80 Kamil Grabara
66%
76 Jakub Kamiński
60%
78 Krzysztof Piątek
58%
78 Marcin Bułka
55%
76 Przemysław Frankowski
49%
Nie znaleziono quizów pasujących do podanych kryteriów
Rozkład punktacji
Procent ludzi z każdym wynikiem
Percentyl według liczby udzielonych odpowiedzi
Twoja historia wyników
Nie rozwiązałeś tego quizu